000 00342nam a22001337a 4500
008 181105b xxu||||| |||| 00| 0 eng d
020 _a9789768097606
041 _aeng
080 _a710
100 _a45
101 _aART
245 _aAustralian Studios Glass The Movenmnet ITS Makers And Their Art
_cNoris.I
942 _2udc
_cBK
999 _c51882
_d51882